| 000 | 00719nam a2200241 i 4500 | ||
|---|---|---|---|
| 001 | bg | ||
| 100 | 1 | _aO'NEILL, Peter | |
| 245 | 1 | 0 |
_aChemia środowiska / _cPeter O'Neill ; tł. z ang. Władysław Boczoń, Leszek Wachowski. |
| 246 |
_iTyt. oryg.: _aEnvironmental chemistry |
||
| 260 |
_aWarszawa : _bWydaw. Naukowe PWN, _c1997. |
||
| 300 |
_a308 s. : _brys., wykr. ; _c21 cm. |
||
| 500 | _aOryg. : "Environmental chemistry" 1993. | ||
| 504 | _aIndeks. | ||
| 650 | 9 |
_aŚrodowisko człowieka _xchemia |
|
| 655 | _aPodręczniki | ||
| 020 | _a830112377X | ||
| 040 | _cBPK | ||
| 041 | 1 |
_apl _hen |
|
| 080 | _a504:546](07) | ||
| 920 | _a83-01-12377-X | ||
| 942 | _cKS | ||
| 008 | s pl f |000 0 pol | ||
| 999 |
_c40302 _d40302 |
||